Zlatá klec. Zářivá /
Další díl romantické fantasy série, inspirované řeckou bájí o králi Midasovi.
Uloženo v:
| Série: | Zlatá klec,
část 4 |
|---|---|
| Hlavní autor: | |
| Další autoři: | |
| Médium: | E-kniha |
| Jazyk: | Czech |
| Vydáno: |
Praha :
Baronet,
2025
|
| Vydání: | 1. vydání |
| Témata: | |
| Příbuzné jednotky: | Z cyklu::
Zlatá klec |
| Tagy: |
Žádné tagy |
| LEADER | 02349nam a2200457 i 4500 | ||
|---|---|---|---|
| 001 | 312780 | ||
| 003 | CZ PrSKC | ||
| 005 | 20260601215728.0 | ||
| 007 | ta | ||
| 008 | 250723s2025 xr a g 000 f cze | ||
| 015 | |a cnb003696736 | ||
| 020 | |a 9788026926269 |q (vázáno) | ||
| 035 | |a (OCoLC)1535680616 | ||
| 040 | |a ABG001 |b cze |e rda | ||
| 041 | 1 | |a cze |h eng | |
| 072 | 7 | |a 821.111(73)-3 |x Americká próza |2 Konspekt | |
| 080 | |a 821.111(73)-31 |2 MRF | ||
| 080 | |a (0:82-312.9) |2 MRF | ||
| 100 | 1 | |a Kennedy, Raven |7 xx0312643 |4 aut | |
| 240 | 1 | 0 | |a Glow. |l Česky |
| 245 | 1 | 0 | |a Zlatá klec. |p Zářivá / |c Raven Kennedy ; z anglického originálu Glow přeložila Zuzana Ľalíková |
| 246 | 3 | 0 | |a Zářivá |
| 250 | |a 1. vydání | ||
| 264 | 1 | |a Praha : |b Baronet, |c 2025 | |
| 300 | |a 733 stran : |b ilustrace ; |c 21 cm | ||
| 336 | |a text |b txt |2 rdacontent | ||
| 337 | |a bez média |b n |2 rdamedia | ||
| 338 | |a svazek |b nc |2 rdacarrier | ||
| 520 | 2 | |a Další díl romantické fantasy série, inspirované řeckou bájí o králi Midasovi. |b Stejně jako fénix, kterého zachvátil oheň, budu muset povstat z popela. Přistřihli mi křídla, ale už nejsem v kleci a konečně mohu svobodně vzlétnout ze zamrzlých království. Přesto mi to svět nechce dovolit. Tak to dopadá, když se obrátíte proti králi. Ještěže mám na své straně jiného krále. Ale i přes hrozbu, kterou Slade Ravinger představuje, si pro mě ostatní monarchové přijdou. Možná budeme muset zabíjet. Nakladatelská anotace. Kráceno. | |
| 655 | 7 | |a americké romány |7 fd131796 |2 czenas | |
| 655 | 7 | |a fantasy romány |7 fd184199 |2 czenas | |
| 655 | 9 | |a American fiction |2 eczenas | |
| 655 | 9 | |a fantasy novels |2 eczenas | |
| 700 | 1 | |a Ľalíková, Zuzana, |d 1987- |7 xx0144546 |4 trl | |
| 787 | 0 | 8 | |i Z cyklu: |t Zlatá klec |g 4 |
| 900 | |a ABA001 |b 20 | ||
| 928 | 9 | |a Albatros Media - Baronet | |
| 044 | |a xr | ||
| 910 | |a RBIT002 | ||
| 998 | |d 421758 |a https://core.palmknihy.cz/api/books/421758/cover?t0mtq8 |b https://core.palmknihy.cz/api/books/421758/cover/400?t0mtq8 |c https://core.palmknihy.cz/api/books/421758/cover/50?t0mtq8 |e 2030-03-06 |g 736 |i 9788026926269 |j https://core.palmknihy.cz/api/books/421758/preview.epub |k https://core.palmknihy.cz/api/books/421758/preview.pdf |l |q 49 |r 1 |s https://www.palmknihy.cz/kniha/421758 |t ebook |y 2025 |z 0 |v Zlatá klec |w 4 | ||
| 999 | |d 312778 | ||